| 000 | 00570nam a2200193Ia 4500 | ||
|---|---|---|---|
| 003 | SISC | ||
| 005 | 20181010155332.0 | ||
| 008 | 180901s9999 xx 000 0 und d | ||
| 020 | _a9780323441834 | ||
| 050 |
_aRC 78.7.U4 _b.H14 2018 |
||
| 100 | _aHagen-Ansert,Sandra L. | ||
| 245 |
_cSandra L. Hagen-Ansert.-- _aWorkbook for textbook of diagnostic sonography / |
||
| 250 | _a8th ed | ||
| 260 |
_aUSA : _bElsevier _c2018 |
||
| 300 |
_avi, 568 pages : _billustrations. |
||
| 650 | _aDiagnostic ultrasonic imaging. | ||
| 650 | _aEchocardiography. | ||
| 942 |
_2lcc _cBK |
||
| 999 |
_c358500 _d358500 |
||